Formel-3-Meister Quiz - Statistiken

Allgemein
  • Dieses Quiz wurde 122 mal gespielt
    17 seit der letzten Aktualisierung
  • Das Durchschnittsergebnis liegt bei 3 aus 7
Antwortstatistiken
Jahr Nationalität Fahrer % Korrekt
2023 Brasilien Gabriel Bortoleto
93%
2020 Australien Oscar Piastri
93%
2021 Norwegen Dennis Hauger
50%
2019 Russland Robert Schwarzman
36%
2022 Frankreich Victor Martins
29%
2024 Italien Leonardo Fornaroli
21%
2025 Brasilien Rafael Câmara
21%
Keine übereinstimmenden Quizze gefunden
Verteilung der Resultate
Anzahl Personen mit jedem Resultat
Perzentil nach korrekt beantworteten Fragen
Ihre Resultats-Entwicklung
Sie haben dieses Quiz seit der letzten Aktualisierung nicht gespielt